|
|
|
|
| LEADER |
00000nab a2200000 a 4500 |
| 001 |
vtls000819478 |
| 003 |
SK-MaSNL |
| 005 |
20260302151954.0 |
| 008 |
180206c2002 xo 0 slo |
| 015 |
|
|
|a SNBRB2002/12-40549
|
| 035 |
|
|
|a CLN000171133
|
| 040 |
|
|
|a SNKBUCL
|b slo
|c SNKBUCL
|e AACR2
|
| 041 |
0 |
|
|a slo
|
| 044 |
|
|
|a xo
|c SK
|
| 080 |
|
|
|a 323.15(437.6):323.131:340.131
|2 UDC-MRF-SK2
|
| 100 |
1 |
|
|a Kusý, Miroslav,
|d 1931-2019
|4 aut
|9 181328
|
| 245 |
1 |
0 |
|a Krajania, exteritorialita a diskriminácia
|c Miroslav Kusý
|
| 650 |
0 |
7 |
|a menšiny národnostné
|z Slovensko
|x krajania zahraniční
|x zákony
|2 snkbucl
|9 844466
|
| 655 |
|
7 |
|a články z novín a časopisov
|2 snkbucl
|9 267496
|
| 773 |
0 |
|
|x 1335-440X
|t Sme
|g Roč. 10, č. 289 (12.12.2002), s. 8
|
| 850 |
|
|
|a Slovenská národná knižnica v Martine
|
| 852 |
|
|
|a SNK
|b KIS3GCP
|
| 958 |
|
|
|a RBX
|
| 999 |
|
|
|c 1361339
|d 1363269
|